000 00739nam a22002417a 4500
001 3298
003 FISKH
005 20250805100128.0
008 240226b cb ||||| |||| 00| 0 eng d
040 _aFISK
_beng
_cFISK
_dFISK
050 _aPZ7.S86037
082 _a813.54
100 _aStine R.L
_d1943
245 _aA shocker on shock street /
_cR.L Stine
260 _aLondon :
_bScholastic,
_c1995
300 _a117 pages :
_b21 cm :
490 _3Goosebumps
501 _aH
520 _aErin Wright and her best friend Marty love The Shocker on Shock Street movies, but get the scare of their lives when they visit the new Shocker Studio Theme Park.
521 8 _a480
_bH
700 _aR.L Stine
942 _2ddc
_cBK
_n0
999 _c3298
_d3298